02019cam a2200505 4500999001700000001001400017005001700031008004100048020003500089040003200124041001300156044001100169072003400180080001600214080001400230080001600244080002300260080001600283100003100299240010100330245018000431246009800611250001900709264004500728300005800773336002600831336003800857337002900895338002900924500004700953650002501000650004901025650003501074650003701109650002901146650003401175650003501209650003601244655003001280655004501310700003801355958000701393958000701400952010601407 c24211d24211vtls01213507720260507111059.0220516s2022 xo oa g f 001 0 slo  a9788055182414q(brožované) aSVKPObslocSVKPOdSNKerda1 aslohita axocSK 7a634xOvocinárstvo2konspekt a634.322011 a63422011 a634.622011 a581.9(213.5)22011 a(035)220111 aFerioli, Eliana4aut9558610aAgrumi in vaso. Guida indispensabile per scegliere e coltivare gli agrumi più bellilSlovensky10aCitrusycEliana Ferioli ; z talianskeho originálu Agrumi in vaso. Guida indispensabile per scegliere e coltivare gli agrumi più belli ... preložila Veronika Fülepová1 iObálkový podnázov:aSprievodca pre výber a pestovanie tých najkrajších citrusov aPrvé vydanie 1aBratislavabIkar, a.s. - Prírodac2022 a96 stránbfarebné fotografie, ilustráciec24 cm atextbtxt2rdacontent astatický obrazbsti2rdacontent abez médiabn2rdamedia azväzokbnc2rdacarrier aTerminologický slovník na strane 93-9407acitrusy2SNKPH9558707apestovanie ovocných rastlín2SNKPH9558807atropické ovocie2SNKPH9558907atropické rastliny2SNKPH9559007aCitruses2SNKPHeng9559107aFruit-culture2SNKPHeng9559207aTropical fruit2SNKPHeng9559307aTropical plants2SNKPHeng95594 7apríručky2SNKPH91541 7aHandbooks, manuals, etc.2SNKPHeng916301 aFülepová, Veronika4trl95595 aNB aOP 00102udc40708Ka10000b10000d2026-05-07g1.00i22577oI1934pI1934r2026-05-07w2026-05-07yOLDO